000 01123nam a2200253 a 4500
001 3056043
008 161006s1996 ||||||||||||||||| || u
010 _a96077497
020 _a0316550388
050 _aDT 1974 .A3 Man
100 _aMandela, Nelson
245 1 0 _aMandela : an illustrated autobiography
_cby Nelson Mandela
250 _a1st ed.
260 _aBoston
_bLittle, Brown and Company
_c1996
300 _a208 p. : ill., 1 map, ports.
500 _a"This is an illustrated and abridged edition of Long walk to freedom: the autobiography of Nelson Mandela ..."--T.p. verso. Includes index.
650 0 _aSouth Africa - Politics and government - 1948-1994
650 0 _aMANDELA, NELSON, 1918-2013
650 0 _aSouth Africa - Politics and government - 1994-
650 0 _aStatesmen - South Africa - Biography
650 0 _aPresidents - South Africa - Biography
856 _uhttp://www.loc.gov/catdir/enhancements/fy0914/96077497-d.html
995 _FCBU-MAIN LIBRARY (Kitwe)
_M1
_UAVAILABLE
_WOct 6, 2016
_ZMain Library Open Access Collection
999 _c50257
_d50257